О русских писателях: [сборник статей]; Александр Сергеевич Пушкин. Его жизнь и сочинения; Детство и отрочество. Сочинение графа Л. Н. Толстого; Военные рассказы графа Л. Н. Толстого; Русский человек на rendez-vous. Размышления по прочтении повести г. Тургенева "Ася"
| Autor principal: | |
|---|---|
| Outros Autores: | , |
| Idioma: | russo |
| Publicado em: |
Саратов, Приволжское книжное издательство, 1978
|
| TOC: | Александр Сергеевич Пушкин. Его жизнь и сочинения; Детство и отрочество. Сочинение графа Л. Н. Толстого; Военные рассказы графа Л. Н. Толстого; Русский человек на rendez-vous. Размышления по прочтении повести г. Тургенева "Ася"; |
| Assuntos: | |
| Formato: | MixedMaterials Livro |
| KOHA link: | https://koha.lib.tpu.ru/cgi-bin/koha/opac-detail.pl?biblionumber=218114 |
MARC
| LEADER | 00000nam0a2200000 4500 | ||
|---|---|---|---|
| 001 | 218114 | ||
| 005 | 20240914063125.0 | ||
| 010 | |b 10000 экз. | ||
| 035 | |a (RuTPU)RU\TPU\book\238123 | ||
| 090 | |a 218114 | ||
| 100 | |a 20120614d1978 m y0rusy50 ca | ||
| 101 | 0 | |a rus | |
| 102 | |a RU | ||
| 105 | |a ac z 001zd | ||
| 200 | 1 | |a О русских писателях |e [сборник статей] |f Н. Г. Чернышевский |g вступит. ст. Е. П. Никитиной ;худож. В. К. Бутенко | |
| 210 | |a Саратов |c Приволжское книжное издательство |d 1978 | ||
| 215 | |a 160 с. |c ил., портр. |d 10,5 см. | ||
| 320 | |a Постраничные примечания. | ||
| 464 | |t Александр Сергеевич Пушкин. Его жизнь и сочинения | ||
| 464 | |t Детство и отрочество. Сочинение графа Л. Н. Толстого | ||
| 464 | |t Военные рассказы графа Л. Н. Толстого | ||
| 464 | |t Русский человек на rendez-vous. Размышления по прочтении повести г. Тургенева "Ася" | ||
| 600 | 1 | |a Пушкин |b А. С. |c российский поэт |c писатель |f 1799-1837 |g Александр Сергеевич |7 ca |8 rus |2 stltpush |3 (RuTPU)RU\TPU\pers\1026 |9 453 | |
| 610 | 1 | |a литературная критика | |
| 610 | 1 | |a литературоведение | |
| 610 | 1 | |a русские писатели | |
| 610 | 1 | |a русская литература | |
| 610 | 1 | |a миниатюрные издания | |
| 675 | |a 09 |v 3 | ||
| 700 | 1 | |a Чернышевский |b Н. Г. |c публицист |c литературный критик |c писатель |f 1828-1889 |g Николай Гаврилович |2 stltpush |3 (RuTPU)RU\TPU\pers\861 |9 385 | |
| 702 | 1 | |a Никитина |b Е. П. |4 080 | |
| 702 | 1 | |a Бутенко |b В. К. |4 040 | |
| 801 | 1 | |a RU |b 63413507 |c 20120614 | |
| 801 | 2 | |a RU |b 63413507 |c 20120615 |g RCR | |
| 942 | |c BK | ||